[Event "Sunway Sitges op"]
[Site "Sitges ESP"]
[Date "2023.12.16"]
[Round "5.17"]
[White "Tin, Jingyao"]
[Black "Atanasov, Anthony"]
[Result "1-0"]
[WhiteElo "2573"]
[BlackElo "2381"]
[PlyCount "91"]
[EventDate "2023.12.12"]
[EventType "swiss"]
[EventRounds "10"]
[EventCountry "ESP"]
[Source "ChessMix"]
[SourceDate "2024.01.01"]

1. d4 {[%emt 0:03:11]} d5 {[%emt 0:00:28]} 2. Nf3 {[%emt 0:03:20]} Nf6 {
[%emt 0:00:20]} 3. e3 {[%emt 0:00:48]} Bf5 {[%emt 0:01:49]} 4. c4 {
[%emt 0:01:57]} c6 {[%emt 0:01:06]} 5. Nc3 {[%emt 0:01:25]} a6 {[%emt 0:00:44]}
6. Bd3 {[%emt 0:02:58]} Bxd3 {[%emt 0:00:39]} 7. Qxd3 {[%emt 0:00:04]} e6 {
[%emt 0:00:09]} 8. O-O {[%emt 0:00:27]} Bb4 {[%emt 0:01:50]} 9. Bd2 {
[%emt 0:00:17]} O-O {[%emt 0:05:25]} 10. Rfd1 {[%emt 0:02:42]} a5 {
[%emt 0:04:53]} 11. a3 {[%emt 0:07:04]} Bxc3 {[%emt 0:01:02]} 12. bxc3 {
[%emt 0:03:15]} Qc7 {[%emt 0:05:00]} 13. Rdc1 {[%emt 0:22:14]} Rc8 {
[%emt 0:00:39]} 14. c5 {[%emt 0:00:38]} Nbd7 {[%emt 0:02:24]} 15. c4 {
[%emt 0:10:03]} Ne4 16. Rab1 {[%emt 0:04:31]} Rcb8 {[%emt 0:12:54]} 17. Be1 {
[%emt 0:05:37]} Qd8 {[%emt 0:03:36]} 18. h3 {[%emt 0:06:37]} h6 {[%emt 0:05:46]
} 19. Rb2 {[%emt 0:08:11]} Qc7 {[%emt 0:03:51]} 20. Qc2 {[%emt 0:03:55]} Ra7 {
[%emt 0:12:25]} 21. cxd5 {[%emt 0:02:36]} exd5 {[%emt 0:00:47]} 22. Nh4 {
[%emt 0:00:35]} Ndf6 {[%emt 0:06:40]} 23. f3 {[%emt 0:01:41]} Ng3 {
[%emt 0:01:27]} 24. Bxg3 {[%emt 0:01:03]} Qxg3 {[%emt 0:00:02]} 25. Nf5 {
[%emt 0:00:05]} Qc7 {[%emt 0:00:15]} 26. Qf2 {[%emt 0:01:31]} Re8 {
[%emt 0:01:41]} 27. Rcb1 {[%emt 0:00:41]} Qb8 {[%emt 0:10:44]} 28. a4 {
[%emt 0:02:11]} Re6 {[%emt 0:02:13]} 29. Nd6 {[%emt 0:01:59]} Re7 {
[%emt 0:00:02]} 30. Rb6 {[%emt 0:01:12]} Qa8 {[%emt 0:02:31]} 31. R1b3 {
[%emt 0:03:50]} Ne8 {[%emt 0:02:06]} 32. Nf5 {[%emt 0:02:04]} Rd7 {
[%emt 0:01:14]} 33. Qg3 {[%emt 0:01:55]} Kh7 {[%emt 0:00:46]} 34. Rxc6 {
[%emt 0:04:26]} bxc6 35. Rb8 {[%emt 0:00:05]} Qb7 {[%emt 0:00:04]} 36. Rxb7 {
[%emt 0:00:05]} Raxb7 {[%emt 0:00:25]} 37. Qe5 {[%emt 0:00:25]} Nf6 {
[%emt 0:00:52]} 38. Nd6 {[%emt 0:00:12]} Rbc7 {[%emt 0:03:32]} 39. e4 {
[%emt 0:01:43]} Re7 {[%emt 0:00:44]} 40. Qf5+ {[%emt 0:00:18]} Kg8 {
[%emt 0:00:01]} 41. e5 {[%emt 0:01:02]} Nd7 {[%emt 0:04:29]} 42. Qb1 {
[%emt 0:01:51]} g6 {[%emt 0:02:26]} 43. f4 {[%emt 0:00:27]} Nf8 {[%emt 0:00:37]
} 44. Qb8 {[%emt 0:00:41]} Ra7 {[%emt 0:01:25]} 45. g4 {[%emt 0:00:42]} Kg7 {
[%emt 0:00:57]} 46. f5 {[%emt 0:00:24]} 1-0

[Event "Sunway Sitges op"]
[Site "Sitges ESP"]
[Date "2023.12.18"]
[Round "6.48"]
[White "Atanasov, Anthony"]
[Black "Van Kessel, Wessel"]
[Result "1-0"]
[WhiteElo "2381"]
[BlackElo "2157"]
[PlyCount "53"]
[EventDate "2023.12.12"]
[EventType "swiss"]
[EventRounds "10"]
[EventCountry "ESP"]
[Source "ChessMix"]
[SourceDate "2024.01.01"]

1. d4 Nf6 2. Nf3 e6 3. Bf4 d5 4. e3 c5 5. Nbd2 Qb6 6. Rb1 cxd4 7. exd4 Bd7 8.
Be2 Bb5 9. O-O Bxe2 10. Qxe2 Qa6 11. Qe3 Be7 12. Ne5 Nbd7 13. Bg5 h6 14. Nxd7
Kxd7 15. Bxf6 Bxf6 16. c4 dxc4 17. Ne4 Be7 18. Rfd1 Rhd8 19. Qg3 g5 20. Qe5 Kc6
21. d5+ Rxd5 22. Rxd5 exd5 23. Qxe7 dxe4 24. Rd1 Qxa2 25. Rd6+ Kb5 26. Qxb7+
Kc5 27. Rd5# 1-0

[Event "Sunway Sitges op"]
[Site "Sitges ESP"]
[Date "2023.12.19"]
[Round "7.39"]
[White "Gales, Randi-Ioan"]
[Black "Atanasov, Anthony"]
[Result "0-1"]
[WhiteElo "1949"]
[BlackElo "2381"]
[PlyCount "68"]
[EventDate "2023.12.12"]
[EventType "swiss"]
[EventRounds "10"]
[EventCountry "ESP"]
[Source "ChessMix"]
[SourceDate "2024.01.01"]

1. d4 {[%emt 0:00:05]} Nf6 {[%emt 0:00:08]} 2. c4 {[%emt 0:00:08]} g6 {
[%emt 0:00:07]} 3. Nc3 {[%emt 0:00:07]} d5 {[%emt 0:00:06]} 4. cxd5 {
[%emt 0:00:18]} Nxd5 {[%emt 0:00:02]} 5. Qb3 {[%emt 0:00:57]} Nxc3 {
[%emt 0:00:32]} 6. bxc3 {[%emt 0:00:02]} Bg7 {[%emt 0:02:09]} 7. Nf3 {
[%emt 0:00:09]} c5 {[%emt 0:08:46]} 8. e3 {[%emt 0:00:14]} O-O {[%emt 0:01:47]}
9. Be2 {[%emt 0:01:14]} Nd7 {[%emt 0:06:00]} 10. O-O {[%emt 0:00:38]} b6 {
[%emt 0:02:52]} 11. Bb2 {[%emt 0:01:04]} Bb7 {[%emt 0:02:35]} 12. d5 {
[%emt 0:01:03]} Re8 {[%emt 0:13:43]} 13. Rfd1 {[%emt 0:03:39]} Qc7 {
[%emt 0:01:44]} 14. c4 {[%emt 0:31:47]} e5 {[%emt 0:00:55]} 15. dxe6 {
[%emt 0:03:20]} Rxe6 {[%emt 0:00:02]} 16. Ng5 {[%emt 0:00:37]} Re7 {
[%emt 0:05:42]} 17. Bxg7 {[%emt 0:03:25]} Kxg7 {[%emt 0:00:19]} 18. Bf3 {
[%emt 0:01:02]} Bxf3 {[%emt 0:03:27]} 19. Nxf3 {[%emt 0:00:03]} Rd8 {
[%emt 0:09:03]} 20. a4 {[%emt 0:05:33]} Nf6 {[%emt 0:02:01]} 21. Rxd8 {
[%emt 0:08:09]} Qxd8 {[%emt 0:00:02]} 22. h3 {[%emt 0:15:41]} Rd7 {
[%emt 0:01:07]} 23. a5 {[%emt 0:04:35]} bxa5 {[%emt 0:08:12]} 24. Ne5 {
[%emt 0:01:21]} Rd6 {[%emt 0:03:09]} 25. Qb7 {[%emt 0:02:58]} Nd7 {
[%emt 0:02:40]} 26. Nxd7 {[%emt 0:01:51]} Rxd7 {[%emt 0:00:02]} 27. Qb2+ {
[%emt 0:02:50]} Kg8 {[%emt 0:00:23]} 28. Qe5 {[%emt 0:00:10]} Rd1+ {
[%emt 0:13:15]} 29. Rxd1 {[%emt 0:00:02]} Qxd1+ {[%emt 0:00:02]} 30. Kh2 {
[%emt 0:00:01]} Qd8 {[%emt 0:01:10]} 31. Qxc5 {[%emt 0:00:16]} Qb8+ {
[%emt 0:03:05]} 32. g3 {[%emt 0:00:26]} Qb2 {[%emt 0:00:32]} 33. e4 {
[%emt 0:11:38]} a4 {[%emt 0:00:24]} 34. e5 {[%emt 0:00:22]} Qb6 {[%emt 0:05:59]
} 0-1

[Event "Sunway Sitges op"]
[Site "Sitges ESP"]
[Date "2023.12.20"]
[Round "8.19"]
[White "Atanasov, Anthony"]
[Black "Petkov, Momchil"]
[Result "1/2-1/2"]
[WhiteElo "2381"]
[BlackElo "2496"]
[PlyCount "89"]
[EventDate "2023.12.12"]
[EventType "swiss"]
[EventRounds "10"]
[EventCountry "ESP"]
[Source "ChessMix"]
[SourceDate "2024.01.01"]
[TimeControl "90/40+30:0"]

1. e4 {[%emt 0:00:00]} c6 {[%emt 0:00:00]} 2. Nf3 {[%emt 0:00:00]} d5 {
[%emt 0:00:00]} 3. exd5 {[%emt 0:00:00]} cxd5 {[%emt 0:00:00]} 4. Ne5 {
[%emt 0:00:00]} Nc6 {[%emt 0:00:00]} 5. d4 {[%emt 0:01:15]} e6 {[%emt 0:05:26]}
6. Bb5 {[%emt 0:00:00]} Bd7 {[%emt 0:00:00]} 7. Nxd7 {[%emt 0:00:00]} Qxd7 {
[%emt 0:00:00]} 8. c3 {[%emt 0:00:32]} Bd6 {[%emt 0:00:54]} 9. Qg4 {
[%emt 0:03:50]} f5 {[%emt 0:00:00]} 10. Qh5+ {[%emt 0:02:18]} Qf7 {
[%emt 0:10:47]} 11. Qf3 {[%emt 0:00:00]} Nf6 {[%emt 0:00:00]} 12. Bf4 {
[%emt 0:00:00]} Qc7 {[%emt 0:03:17]} 13. Bxd6 {[%emt 0:00:00]} Qxd6 {
[%emt 0:02:29]} 14. Qg3 {[%emt 0:17:20]} Qxg3 {[%emt 0:00:00]} 15. hxg3 {
[%emt 0:01:29]} Ne4 {[%emt 0:00:00]} 16. Nd2 {[%emt 0:05:34]} Nd6 {
[%emt 0:03:58]} 17. a4 {[%emt 0:00:00]} Ke7 {[%emt 0:00:00]} 18. Bd3 {
[%emt 0:04:31]} Kf6 {[%emt 0:00:00]} 19. f3 {[%emt 0:00:00]} h5 {[%emt 0:03:22]
} 20. Kf2 {[%emt 0:00:00]} g5 {[%emt 0:08:30]} 21. Rh3 {[%emt 0:00:00]} Rh6 {
[%emt 0:00:00]} 22. Rah1 {[%emt 0:00:00]} Rah8 {[%emt 0:16:39]} 23. f4 {
[%emt 0:00:52]} g4 {[%emt 0:00:00]} 24. R3h2 {[%emt 0:00:00]} Ne7 {
[%emt 0:00:00]} 25. Ke3 {[%emt 0:02:53]} Kf7 {[%emt 0:00:00]} 26. Be2 {
[%emt 0:02:37]} Ne4 {[%emt 0:00:00]} 27. Nf1 {[%emt 0:00:00]} Nc8 {
[%emt 0:00:00]} 28. Rh4 {[%emt 0:00:00]} Ncd6 {[%emt 0:00:00]} 29. Bd3 {
[%emt 0:01:07]} Kg6 {[%emt 0:02:34]} 30. Bxe4 {[%emt 0:00:51]} Nxe4 {
[%emt 0:00:00]} 31. Nd2 {[%emt 0:00:00]} Nxg3 {[%emt 0:00:00]} 32. Ra1 {
[%emt 0:00:00]} Rc8 {[%emt 0:09:01]} 33. Rc1 {[%emt 0:00:00]} Rh7 {
[%emt 0:00:00]} 34. b3 {[%emt 0:01:08]} Rhc7 {[%emt 0:00:00]} 35. c4 {
[%emt 0:00:00]} dxc4 {[%emt 0:05:54]} 36. bxc4 {[%emt 0:00:00]} Rd8 {
[%emt 0:02:00]} 37. Re1 {[%emt 0:05:18]} Rc6 {[%emt 0:07:42]} 38. c5 {
[%emt 0:02:26]} Ra6 {[%emt 0:00:09]} 39. Ra1 {[%emt 0:00:00]} b6 {
[%emt 0:05:20]} 40. Nc4 {[%emt 0:01:12]} bxc5 {[%emt 0:00:00]} 41. dxc5 {
[%emt 0:07:41]} Rc8 {[%emt 0:00:00]} 42. Ne5+ {[%emt 0:00:00]} Kg7 {
[%emt 0:01:50]} 43. Rb1 {[%emt 0:06:09]} Rc7 {[%emt 0:00:00]} 44. Rb4 {
[%emt 0:06:19]} Rxc5 {[%emt 0:00:00]} 45. Rb7+ {[%emt 0:00:00]} 1/2-1/2

[Event "Sunway Sitges op"]
[Site "Sitges ESP"]
[Date "2023.12.21"]
[Round "9.17"]
[White "Sankalp, Gupta"]
[Black "Atanasov, Anthony"]
[Result "1-0"]
[WhiteElo "2523"]
[BlackElo "2381"]
[PlyCount "119"]
[EventDate "2023.12.12"]
[EventType "swiss"]
[EventRounds "10"]
[EventCountry "ESP"]
[Source "ChessMix"]
[SourceDate "2024.01.01"]

1. Nf3 {[%emt 0:07:25]} d5 {[%emt 0:00:17]} 2. g3 {[%emt 0:00:09]} Bf5 {
[%emt 0:00:48]} 3. Bg2 {[%emt 0:00:12]} e6 {[%emt 0:00:09]} 4. O-O {
[%emt 0:00:20]} Be7 {[%emt 0:00:30]} 5. c4 {[%emt 0:00:29]} c6 {[%emt 0:00:27]}
6. cxd5 {[%emt 0:01:42]} cxd5 {[%emt 0:06:01]} 7. Qb3 {[%emt 0:00:15]} Qb6 {
[%emt 0:01:03]} 8. Qxb6 {[%emt 0:00:12]} axb6 {[%emt 0:00:03]} 9. d3 {
[%emt 0:00:12]} Nc6 {[%emt 0:03:08]} 10. Nc3 {[%emt 0:00:09]} Nf6 {
[%emt 0:02:17]} 11. Nh4 {[%emt 0:07:35]} Bg6 {[%emt 0:03:07]} 12. Nxg6 {
[%emt 0:26:31]} hxg6 {[%emt 0:00:03]} 13. Bd2 {[%emt 0:00:10]} Kd7 {
[%emt 0:08:05]} 14. Rfc1 {[%emt 0:00:42]} Bc5 {[%emt 0:20:02]} 15. h3 {
[%emt 0:02:23]} Rhc8 {[%emt 0:00:42]} 16. Kf1 {[%emt 0:00:19]} Bb4 {
[%emt 0:07:07]} 17. a3 {[%emt 0:01:35]} Bc5 {[%emt 0:04:04]} 18. b4 {
[%emt 0:09:38]} Bd4 {[%emt 0:00:02]} 19. e3 {[%emt 0:00:23]} Bxc3 {
[%emt 0:02:39]} 20. Bxc3 {[%emt 0:00:11]} b5 {[%emt 0:04:37]} 21. Bb2 {
[%emt 0:00:53]} Ne8 {[%emt 0:04:21]} 22. f4 {[%emt 0:09:51]} f6 {[%emt 0:02:09]
} 23. g4 {[%emt 0:00:11]} Nd6 {[%emt 0:03:50]} 24. Kf2 {[%emt 0:01:15]} Ne7 {
[%emt 0:04:13]} 25. h4 {[%emt 0:09:27]} Rxc1 {[%emt 0:02:50]} 26. Rxc1 {
[%emt 0:01:12]} Rh8 {[%emt 0:11:45]} 27. Kg3 {[%emt 0:00:01]} Nc6 {
[%emt 0:02:24]} 28. Bf3 {[%emt 0:00:25]} Ra8 {[%emt 0:01:57]} 29. Rh1 {
[%emt 0:00:46]} Rh8 {[%emt 0:00:38]} 30. Kf2 {[%emt 0:00:15]} Rc8 {
[%emt 0:01:09]} 31. Rh2 {[%emt 0:01:42]} Ne7 {[%emt 0:00:45]} 32. Ke1 {
[%emt 0:00:19]} Rh8 {[%emt 0:01:11]} 33. Kd2 {[%emt 0:00:48]} Nf7 {
[%emt 0:00:20]} 34. Rh1 {[%emt 0:04:13]} Kd6 {[%emt 0:02:10]} 35. Be2 {
[%emt 0:09:57]} Kc6 {[%emt 0:02:42]} 36. g5 {[%emt 0:04:18]} e5 {[%emt 0:00:16]
} 37. Rf1 {[%emt 0:00:23]} Nf5 {[%emt 0:00:36]} 38. gxf6 {[%emt 0:01:21]} gxf6
{[%emt 0:00:05]} 39. h5 {[%emt 0:00:02]} Ng3 {[%emt 0:00:48]} 40. Rc1+ {
[%emt 0:00:45]} Kd6 {[%emt 0:00:46]} 41. hxg6 {[%emt 0:03:45]} Nxe2 {
[%emt 0:06:07]} 42. Kxe2 {[%emt 0:01:02]} Rh2+ {[%emt 0:00:03]} 43. Kf3 {
[%emt 0:12:29]} Nh6 {[%emt 0:00:17]} 44. g7 {[%emt 0:07:20]} Ke6 {
[%emt 0:07:44]} 45. Ba1 {[%emt 0:02:38]} Rh3+ {[%emt 0:01:45]} 46. Kf2 {
[%emt 0:00:09]} Rh2+ {[%emt 0:04:10]} 47. Kg3 {[%emt 0:01:51]} Rd2 {
[%emt 0:00:25]} 48. fxe5 {[%emt 0:01:26]} fxe5 {[%emt 0:00:02]} 49. Kf3 {
[%emt 0:02:01]} Rxd3 {[%emt 0:00:46]} 50. Rh1 {[%emt 0:01:41]} Ng8 {
[%emt 0:00:09]} 51. Rh8 {[%emt 0:00:17]} e4+ {[%emt 0:10:11]} 52. Kf4 {
[%emt 0:00:03]} Kf7 {[%emt 0:00:03]} 53. Bb2 {[%emt 0:01:06]} Rb3 {
[%emt 0:01:33]} 54. Rh2 {[%emt 0:01:16]} Ke6 {[%emt 0:00:10]} 55. Rc2 {
[%emt 0:00:31]} Kf7 {[%emt 0:01:01]} 56. Bd4 {[%emt 0:00:29]} Rxa3 {
[%emt 0:00:29]} 57. Rc8 {[%emt 0:00:06]} Ne7 {[%emt 0:02:38]} 58. Rf8+ {
[%emt 0:00:15]} Kg6 {[%emt 0:00:36]} 59. Re8 {[%emt 0:00:02]} Kf7 {
[%emt 0:00:33]} 60. Rxe7+ {[%emt 0:00:06]} 1-0

[Event "Sunway Sitges op"]
[Site "Sitges ESP"]
[Date "2023.12.22"]
[Round "10.36"]
[White "Atanasov, Anthony"]
[Black "Vignesh, B.."]
[Result "1-0"]
[WhiteElo "2381"]
[BlackElo "2179"]
[PlyCount "79"]
[EventDate "2023.12.12"]
[EventType "swiss"]
[EventRounds "10"]
[EventCountry "ESP"]
[Source "ChessMix"]
[SourceDate "2024.01.01"]
[TimeControl "90/40+30:0"]

1. d4 {[%emt 0:00:00]} Nf6 {[%emt 0:00:00]} 2. Nf3 {[%emt 0:00:00]} g6 {
[%emt 0:00:00]} 3. c4 {[%emt 0:00:00]} Bg7 {[%emt 0:00:00]} 4. Nc3 {
[%emt 0:00:00]} d5 {[%emt 0:00:00]} 5. cxd5 {[%emt 0:00:00]} Nxd5 {
[%emt 0:00:00]} 6. e4 {[%emt 0:00:00]} Nxc3 {[%emt 0:00:00]} 7. bxc3 {
[%emt 0:00:00]} c5 {[%emt 0:00:00]} 8. Be3 {[%emt 0:00:00]} Qa5 {[%emt 0:00:00]
} 9. Qd2 {[%emt 0:00:00]} Nc6 {[%emt 0:00:00]} 10. Rb1 {[%emt 0:00:00]} a6 {
[%emt 0:00:00]} 11. Rc1 {[%emt 0:00:00]} f5 {[%emt 0:00:00]} 12. e5 {
[%emt 0:00:00]} cxd4 {[%emt 0:00:00]} 13. cxd4 {[%emt 0:00:00]} Qxd2+ {
[%emt 0:00:00]} 14. Kxd2 {[%emt 0:00:00]} Be6 {[%emt 0:00:00]} 15. Ng5 {
[%emt 0:00:00]} Bd5 {[%emt 0:00:00]} 16. Bc4 {[%emt 0:00:00]} Rd8 {
[%emt 0:00:00]} 17. f4 {[%emt 0:00:00]} Bh6 {[%emt 0:04:36]} 18. Ne6 {
[%emt 0:00:00]} Bxe6 {[%emt 0:00:53]} 19. Bxe6 {[%emt 0:00:00]} Bxf4 {
[%emt 0:01:50]} 20. Rxc6 {[%emt 0:00:00]} Bxe3+ {[%emt 0:00:31]} 21. Kxe3 {
[%emt 0:00:00]} bxc6 {[%emt 0:00:01]} 22. Rc1 {[%emt 0:00:00]} Kf8 {
[%emt 0:00:49]} 23. Rxc6 {[%emt 0:00:00]} Kg7 {[%emt 0:00:01]} 24. Rc7 {
[%emt 0:00:00]} Rb8 {[%emt 0:02:41]} 25. Rxe7+ {[%emt 0:00:00]} Kh6 {
[%emt 0:00:03]} 26. d5 {[%emt 0:00:00]} Rb4 {[%emt 0:00:06]} 27. Kd3 {
[%emt 0:00:00]} Kg5 {[%emt 0:02:03]} 28. d6 {[%emt 0:00:00]} Rd8 {
[%emt 0:00:30]} 29. Bd5 {[%emt 0:00:00]} h5 {[%emt 0:00:33]} 30. d7 {
[%emt 0:00:00]} Rbb8 {[%emt 0:00:30]} 31. Kd4 {[%emt 0:00:00]} h4 {
[%emt 0:00:26]} 32. Kc5 {[%emt 0:00:00]} Kf4 {[%emt 0:00:11]} 33. Kd6 {
[%emt 0:00:00]} g5 {[%emt 0:00:09]} 34. e6 {[%emt 0:00:00]} g4 {[%emt 0:00:12]}
35. Rg7 {[%emt 0:00:00]} Rh8 {[%emt 0:00:27]} 36. e7 {[%emt 0:00:00]} Ke3 {
[%emt 0:00:22]} 37. Kc7 {[%emt 0:00:00]} Kd4 {[%emt 0:00:48]} 38. Bg8 {
[%emt 0:00:00]} Rbxg8 {[%emt 0:00:07]} 39. Rxg8 {[%emt 0:00:00]} Rxg8 {
[%emt 0:00:03]} 40. d8=Q+ {[%emt 0:00:00]} 1-0

[Event "US Masters"]
[Site "Charlotte USA"]
[Date "2023.11.24"]
[Round "4.19"]
[White "Tiglon, Bryce"]
[Black "Atanasov, Anthony"]
[Result "1/2-1/2"]
[WhiteElo "2468"]
[BlackElo "2406"]
[PlyCount "39"]
[EventDate "2023.11.24"]
[EventType "swiss"]
[EventRounds "9"]
[EventCountry "USA"]
[Source "ChessMix"]
[SourceDate "2023.12.01"]
[TimeControl "5400+30"]

1. d4 {[%emt 0:14:55]} Nf6 {[%emt 0:01:28]} 2. c4 {[%emt 0:00:02]} c6 {
[%emt 0:01:28]} 3. Nc3 {[%emt 0:00:29]} d5 {[%emt 0:00:04]} 4. Nf3 {
[%emt 0:00:15]} a6 {[%emt 0:00:17]} 5. e3 {[%emt 0:04:19]} Bf5 {[%emt 0:00:20]}
6. Ne5 {[%emt 0:00:50]} Nbd7 {[%emt 0:02:03]} 7. Qb3 {[%emt 0:05:10]} Qc7 {
[%emt 0:00:20]} 8. cxd5 {[%emt 0:02:04]} Nxe5 {[%emt 0:00:02]} 9. dxe5 {
[%emt 0:00:13]} Nxd5 {[%emt 0:00:08]} 10. Bc4 {[%emt 0:07:17]} e6 {
[%emt 0:03:46]} 11. e4 {[%emt 0:00:22]} Nxc3 {[%emt 0:00:19]} 12. exf5 {
[%emt 0:00:10]} Qxe5+ {[%emt 0:24:51]} 13. Be3 {[%emt 0:04:11]} Nd5 {
[%emt 0:04:27]} 14. Bxd5 {[%emt 0:11:42]} Qxd5 {[%emt 0:00:14]} 15. Qxb7 {
[%emt 0:00:25]} c5 {[%emt 0:00:30]} 16. Qxd5 {[%emt 0:00:30]} exd5 {
[%emt 0:00:30]} 17. Rc1 {[%emt 0:00:30]} d4 {[%emt 0:24:37]} 18. Bf4 {
[%emt 0:26:36]} a5 {[%emt 0:00:41]} 19. Ke2 {[%emt 0:03:00]} Kd7 {
[%emt 0:00:45]} 20. Kd3 {[%emt 0:01:27]} 1/2-1/2

[Event "US Masters"]
[Site "Charlotte USA"]
[Date "2023.11.25"]
[Round "5.16"]
[White "Atanasov, Anthony"]
[Black "Dudin, Gleb"]
[Result "0-1"]
[WhiteElo "2406"]
[BlackElo "2537"]
[PlyCount "100"]
[EventDate "2023.11.24"]
[EventType "swiss"]
[EventRounds "9"]
[EventCountry "USA"]
[Source "ChessMix"]
[SourceDate "2023.12.01"]
[TimeControl "5400+30"]

1. d4 {[%emt 0:00:12]} Nf6 {[%emt 1:31:00]} 2. Nf3 {[%emt 0:00:09]} g6 {
[%emt 0:00:00]} 3. c4 {[%emt 0:00:12]} Bg7 {[%emt 0:00:00]} 4. Nc3 {
[%emt 0:00:18]} O-O {[%emt 0:00:00]} 5. e4 {[%emt 0:00:55]} d6 {[%emt 0:00:00]}
6. Be3 {[%emt 0:01:10]} e5 {[%emt 0:00:00]} 7. dxe5 {[%emt 0:00:09]} dxe5 {
[%emt 0:00:00]} 8. Qc2 {[%emt 0:00:18]} c6 {[%emt 0:00:00]} 9. Nxe5 {
[%emt 0:00:16]} Re8 {[%emt 0:00:00]} 10. Nf3 {[%emt 0:00:12]} Na6 {
[%emt 0:00:00]} 11. h3 {[%emt 0:28:22]} Nxe4 {[%emt 0:00:00]} 12. Nxe4 {
[%emt 0:00:02]} Bf5 {[%emt 0:00:00]} 13. Nfd2 {[%emt 0:00:58]} Bxe4 {
[%emt 0:00:00]} 14. Nxe4 {[%emt 0:00:13]} Qh4 {[%emt 0:00:00]} 15. Be2 {
[%emt 0:24:51]} Rxe4 {[%emt 0:00:00]} 16. O-O {[%emt 0:00:58]} Rae8 {
[%emt 0:00:00]} 17. Qb3 {[%emt 0:14:41]} Rxe3 {[%emt 0:00:00]} 18. fxe3 {
[%emt 0:00:30]} Nc5 {[%emt 0:00:00]} 19. Qd1 {[%emt 0:10:10]} Rxe3 {
[%emt 0:00:00]} 20. Bg4 {[%emt 0:06:55]} h5 {[%emt 0:00:00]} 21. Qd2 {
[%emt 0:03:13]} Rd3 {[%emt 0:00:00]} 22. Qf4 {[%emt 0:00:26]} hxg4 {
[%emt 0:00:00]} 23. Qxf7+ {[%emt 0:00:08]} Kh7 {[%emt 0:00:00]} 24. Rf4 {
[%emt 0:02:43]} Rg3 {[%emt 0:07:41]} 25. Rxg4 {[%emt 0:01:02]} Rxg4 {
[%emt 0:00:58]} 26. hxg4 {[%emt 0:00:01]} Nd3 {[%emt 0:01:41]} 27. Rf1 {
[%emt 0:04:20]} Kh6 {[%emt 0:01:42]} 28. Qd7 {[%emt 0:00:20]} Ne5 {
[%emt 0:00:49]} 29. g5+ {[%emt 0:00:42]} Qxg5 {[%emt 0:00:30]} 30. Qh3+ {
[%emt 0:00:31]} Qh5 {[%emt 0:00:06]} 31. Qe3+ {[%emt 0:00:31]} Kh7 {
[%emt 0:00:19]} 32. Qxa7 {[%emt 0:00:24]} Ng4 {[%emt 0:00:32]} 33. Rf7 {
[%emt 0:00:28]} Kh6 {[%emt 0:01:06]} 34. Rxg7 {[%emt 0:00:37]} Qh2+ {
[%emt 0:00:17]} 35. Kf1 {[%emt 0:00:00]} Qh1+ {[%emt 0:00:41]} 36. Ke2 {
[%emt 0:00:01]} Qxg2+ {[%emt 0:00:11]} 37. Kd1 {[%emt 0:01:30]} Kxg7 {
[%emt 0:00:52]} 38. Qxb7+ {[%emt 0:00:01]} Kh6 {[%emt 0:00:31]} 39. Qb8 {
[%emt 0:00:59]} Ne3+ {[%emt 0:00:32]} 40. Ke1 {[%emt 0:00:01]} Nc2+ {
[%emt 0:00:24]} 41. Kd1 {[%emt 0:00:02]} Ne3+ {[%emt 0:00:07]} 42. Ke1 {
[%emt 0:00:00]} Qf1+ {[%emt 0:00:43]} 43. Kd2 {[%emt 0:00:01]} Nxc4+ {
[%emt 0:00:27]} 44. Kc3 {[%emt 0:00:36]} Qc1+ {[%emt 0:00:26]} 45. Kd3 {
[%emt 0:00:02]} Nxb2+ {[%emt 0:00:32]} 46. Ke2 {[%emt 0:00:25]} Qd1+ {
[%emt 0:00:30]} 47. Kf2 {[%emt 0:00:11]} Qd4+ {[%emt 0:00:22]} 48. Kf1 {
[%emt 0:00:54]} Nd3 {[%emt 0:00:47]} 49. Qh2+ {[%emt 0:00:39]} Kg5 {
[%emt 0:00:13]} 50. Qg3+ {[%emt 0:00:07]} Kf6 {[%emt 0:00:35]} 0-1